Statistiques concernant Anagrammes aléatoires de Villes d'Asie

Cliquez ici pour prendre le quiz!

Statistiques générales

  • Ce quiz a été pris 60 fois
  • Le résultat moyen est 9 sur 20

Statistiques - réponses

Réponse% Correct
Beyrouth
100%
Bichkek
100%
Cebu
100%
Damas
100%
Dili
100%
Kyoto
100%
Médine
100%
Pyongyang
100%
Sanaa
100%
Shanghai
100%
Téhéran
100%
Tokyo
100%
Macao
91%
Bangkok
89%
Pékin
89%
Tyr
89%
Sib
88%
Doha
86%
Dubaï
86%
Jaipur
86%
Jérusalem
83%
Hanoï
80%
Hô Chi Minh-Ville
80%
Islamabad
80%
Phnom Penh
78%
Bagdad
75%
Canton
75%
Delhi
75%
Koweït
75%
Osaka
75%
Bakou
71%
Malé
71%
Tel Aviv
71%
Agra
70%
Xian
70%
Kobe
67%
Shenzhen
67%
Tachkent
67%
Astana
64%
Manille
64%
Alep
63%
Ankara
63%
Nagoya
63%
Raqqa
63%
Hong Kong
60%
Kawasaki
60%
Mossoul
60%
Nicosie
60%
Vladivostok
60%
Calcutta
57%
Sri Jayawardenapura Kotte
57%
Wuhan
57%
Erevan
56%
Oulan-Bator
55%
Tripoli
54%
Amman
50%
Colombo
50%
Djeddah
50%
Izmir
50%
Lhassa
50%
Nankin
50%
Taipei
50%
Tbilissi
50%
Chengdu
44%
Dhaka
44%
Séoul
44%
Ürümqi
44%
Bombay
43%
Singapour
43%
Tianjin
43%
Kuala Lumpur
40%
Daegu
38%
Riyad
38%
Vientiane
38%
Yokohama
38%
Bandar Seri Begawan
33%
Kaboul
33%
Karachi
33%
Pune
33%
Busan
30%
Haïfa
30%
Bursa
29%
Hyderabad
29%
Medan
29%
Naypyidaw
29%
Abou Dabi
25%
Chiba
25%
Katmandou
25%
Manama
25%
Ahmedabad
22%
Nagasaki
22%
Surabaya
22%
Almaty
20%
Chongqing
20%
La Mecque
20%
Rangoon
20%
Trabzon
20%
Bangalore
17%
Beer-Sheva
17%
Douchanbé
17%
Fukuoka
17%
Hiroshima
17%
Konya
17%
Okinawa
17%
Achgabat
14%
Kaohsiung
14%
Antalya
13%
Bassorah
13%
Chennai
13%
Sapporo
13%
Lahore
11%
Mandalay
11%
Boukhara
0%
Chittagong
0%
Dalian
0%
Dongguan
0%
Faisalabad
0%
Harbin
0%
Hérat
0%
Incheon
0%
Ispahan
0%
Jakarta
0%
Kandahâr
0%
Limassol
0%
Lucknow
0%
Mascate
0%
Mecched
0%
Niigata
0%
Saitama
0%
Samarcande
0%
Sendai
0%
Surate
0%
Thimphou
0%
Ulsan
0%

Distribution des résultats

Percentile par nombre de réponses

% des personnes avec chaque résultat

Votre développement - résultats

Vous n’avez pas pris ce quiz